Muž bez úsměvu. /
Saved in:
| Main Author: | |
|---|---|
| Format: | Book |
| Language: | Czech |
| Published: |
Praha :
Ivo Železný, nakladatelství a vydavatelství spol. s r.o.,
1992
|
| Edition: | 2. vyd. |
| Series: | Knihovnička Večerů pod lampou
16. |
| Subjects: | |
| ISBN: |
807116111X (brož.) |
| Physical Description: |
62 s. |
| Tags: |
Add Tag
No Tags, Be the first to tag this record!
|
Titul je dostupný aj v ... 

MARC
| LEADER | 00000nam a2200000 a 4500 | ||
|---|---|---|---|
| 001 | 000071007 | ||
| 003 | SVKK | ||
| 005 | 20010430000000.0 | ||
| 008 | 990729s1992 cs e czeo | ||
| 020 | |a 807116111X (brož.) | ||
| 040 | |a SVKKK |b slo |c SVKKK |e AACR2 | ||
| 041 | 0 | |a cze | |
| 044 | |a cs |c CS | ||
| 080 | |a 885.0-3 Bareš, D. |2 1997 | ||
| 100 | 1 | |a Bareš, Dušan |4 aut | |
| 245 | 1 | 0 | |a Muž bez úsměvu. / |c Dušan Bareš |
| 250 | |a 2. vyd. | ||
| 260 | |a Praha : |b Ivo Železný, nakladatelství a vydavatelství spol. s r.o., |c 1992 | ||
| 300 | |a 62 s. | ||
| 440 | 0 | |a Knihovnička Večerů pod lampou |v 16. | |
| 655 | 7 | |a umelecká literatúra |2 SVKKKPH | |
| 910 | |a svkkk | ||
| 919 | |a 80-7116-111-X | ||
| 974 | |a MI |d 19990729 | ||
| 974 | |a PA |d 19990729 | ||
| 974 | |a PA |d 20010430 | ||
| 998 | |a BK | ||
| 090 | |g SCKHL |k Sklad Pribinova 2. posch. |a III.163079 |j 871229 |i 2720465892 |s Absenčne | ||